000 00629cam a2200205 a 4500
005 20160115111815.0
008 910405s19430000ag 0 spa d
040 _aCO-BoPUJ
_cCO-BoIAVH
041 _aspa
082 0 4 _a609
_bD18h
100 1 _aDanilevsky, V.
245 0 _aHistoria de la tecnica Siglos XVIII y XIX /
_cV. Danilevsky
260 _aBuenos Aires:
_bLautaro,
_c1943.
300 _a363 páginas.
650 2 4 _aMetalurgia
_xHistoria
650 2 4 _aMaquinas de vapor
_xHistoria
650 2 4 _aMaquinaria textil
_xHistoria
650 2 4 _aTecnologĂ­a
_xHistoria
942 _2ddc
_cLIBRO
999 _c17986
_d17986